| 000 | 01456nam a22002177a 4500 | ||
|---|---|---|---|
| 005 | 20250902162915.0 | ||
| 008 | 250902b |||||||| |||| 00| 0 eng d | ||
| 020 | _a9788126445622 | ||
| 040 | _cAL | ||
| 041 | _aMalayalam | ||
| 082 |
_a894.8123 _bSANC |
||
| 100 |
_aM K Sanu _9238335 |
||
| 100 |
_9238334 _bഎം.കെ. സാനു |
||
| 245 |
_aChangampuzha Krishnapilla: : Nakshathrangalude snehabhajanam _bചങ്ങമ്പുഴ കൃഷ്ണപിള്ള: നക്ഷത്രങ്ങളുടെ സ്നേഹഭാജനം |
||
| 260 |
_aKerala _bD C Books _c2023 |
||
| 300 |
_a224 p. _bPB _c21x14 cm. |
||
| 365 |
_a6126 _b₹299.00 _c₹ _d₹299.00 _f25-08-2025 |
||
| 520 | _aമലയാളത്തിന്റെ കാവ്യഗന്ധർവ്വനായ ചങ്ങമ്പുഴ കൃഷ്ണപിള്ളയുടെ കാവ്യജീവിതത്തിന്റെ വികാരതരളമായ മുഹൂർത്തങ്ങളെ വിശകലനം ചെയ്തുകൊണ്ട് സംഘർഷഭരിതവും വൈരുദ്ധ്യപൂർണ്ണവുമായ ആ സ്വഭാവവിശേഷത്തിന്റെ അടിസ്ഥാനഘടന അന്വേഷിക്കുന്ന അപൂർവ്വസുന്ദരമായ ജീവിതചിത്രണമാണ് ഈ കൃതി. | ||
| 650 |
_aMalayalam _9238326 |
||
| 942 |
_2ddc _cBK |
||
| 999 |
_c240403 _d240403 |
||